| 000 | 01547nam a2200409Ii 4500 | ||
|---|---|---|---|
| 001 | DIGHERDER0432 | ||
| 003 | NyNyDIG | ||
| 007 | cr ||||||||||| | ||
| 008 | 220504s2016 sp a ob 000 0 spa d | ||
| 006 | m o d | ||
| 035 | _a(OCoLC)1328032058 | ||
| 040 |
_aDGITA _beng _erda _epn _cDGITA |
||
| 020 |
_a9788425434419 _qeBook _qePub |
||
| 020 | _z9788425434402 | ||
| 050 | 1 | 4 | _aB3279.H48 ebook |
| 100 | 1 |
_aEscudero, Jesús Adrián, _eauthor. |
|
| 245 | 1 | 0 |
_aGuía de lectura de ser y tiempo, de Martin Heidegger. _nVolumen 1 / _cJesús Adrián Escudero. |
| 250 | _a1a. edición digital. | ||
| 264 | 1 |
_aBarcelona : _bHerder, _c2016. |
|
| 300 |
_a1 online resource : _billustrations. |
||
| 336 |
_atext _btxt _2rdacontent |
||
| 337 |
_acomputer _bc _2rdamedia |
||
| 338 |
_aonline resource _bcr _2rdacarrier |
||
| 347 |
_atext file _2rdaft |
||
| 347 | _bEPUB | ||
| 504 | _aIncludes bibliographical references. | ||
| 588 | 0 | _aOnline resource; title from ePub title page (Digitalia, viewed May 04, 2022) | |
| 600 | 1 | 0 |
_aHeidegger, Martin, _d1889-1976. _tSein und Zeit _vCommentaries. |
| 650 | 0 | _aExistentialism. | |
| 655 | 0 | _aElectronic books. | |
| 791 | 2 |
_aDigitalia (Firm), _edistributor. |
|
| 793 | 0 |
_gDigitalia eBook Collection: _aHerder Editorial |
|
| 776 | 0 | 8 |
_iPrint version: _aEscudero, Jesús Adrián. _tGuía de lectura de ser y tiempo. _dBarcelona : Herder, 2016 _z9788425434402 |
| 856 | 4 | 0 |
_3Digitalia Hispánica _uhttps://www.digitaliapublishing.com/a/61452/ |
| 910 | _aPremium collection: 2022 | ||
| 942 | _cRAA | ||
| 999 |
_c257698 _d257698 |
||